000 00994nam a2200313 a 4500
999 _c4603
_d4603
001 010699816
003 UkOxU
005 20220325075047.0
008 930323s1992 enka 001 0 eng d
010 _aLC gb- 92046255
015 _aGB92-46255
020 _a0683145266
035 _aOCLC 27011162 from rmo126
040 _aUKM
_cALUPE UNIVERSITY
_dEQO
050 _aRG101
_b.F86 1992
082 _a618
_220
092 _aD0500830414
245 0 0 _aFundamentals of obstetrics and gynecology /
_cCharles R.B. Beckmann ... [et al.].
260 _aBaltimore ;
_aLondon :
_bWilliams & Wilkins,
_cc1992.
300 _axiv, 472 p. :
_bill. ;
_c26 cm.
504 _aIncludes bibliographies and index.
650 0 _aGynecology.
650 0 _aObstetrics.
650 0 _aObstetrics
_vExaminations, questions, etc.
650 0 _aGynecology
_vExaminations, questions, etc.
700 1 _aBeckmann, Charles R. B.
942 _2lcc
_cBK
_nDO